1688 1498 1572 1101 1175 1693 1791 1161 1711 1872 1067 1470 1926 1976 1509 1399 1357 1037 1025 1738 1627 1804 1516 1202 1358 1795 1286 1592 1545 1414 1975 1250 1711 1260 1428 1937 1429 1471 1706 1171 1748 1489 1230 1245 1649 1830 1473 1955 1368 1920 1212 1851 1597 1587 1997 1367 1724 1779 1937 1729 1684 1209 1638 1340 1378 1803 1115 1233 1977 1015 1578 1717 1238 1256 1519 1761 1544 1359 1133 1188 1959 1103 1646 1786 1156 1594 1182 1036 1807 1596 1277 1530 1327 1003 1589 1973 1183 1620 1413 BCNSPRNW ULIB Ver.6.0+V

เปลี่ยนเป็นภาษาไทย

Change to English
 แสดงรายละเอียดบรรณานุกรม
  กลับหน้าหลัก

Brief Record : Get Marc (ISO 2709) : E-mail record : QR code < ปิดหน้าต่าง
LEADER : 00000nam 2200000uu 4500
001    13399108137
003     ULIB
008    110219s2545||||th 000 0 tha d
020    9749580206
060  4 WI141^bห463 2545
100 0  สุกิจ พันธุ์พิมานมาศ
245 10 หัตถการการตรวจรักษาด้วยการสองกล้องทางเดินอาหาร=^bPractical diagnostic and therapeutic digestive endoscopic techniques/^cสุกิจ พันธุ์พิมานมาศ(และคณะ),บรรณาธิการ
246 31 Practical diagnostic and therapeutic digestive endoscopic techniques
260    กรุงเทพฯ:^bบริษัท ก.พล(1996)จำกัด,^c2545
300    244 หน้า
650  7 กระเพาะอาหาร^xศัลยกรรมส่องกล้อง
650  7 ลำไส้^xศัลยกรรมส่องกล้อง
650  7 ศัลยกรรมส่องกล้อง
700 0  ทวี รัตนชูเอก,^eบรรณาธิการ
700 0  สุชาติ จันทวิบูลย์,^eบรรณาธิการ
710 2  โรงพยาบาลราชวิถี.^bศูนย์การผ่าตัดทางกล้อง.
945    ^p300^l0^i018250
995    ทศพร
999 ^a ใช้งานได้ทุกระบบ
รายการนี้ยังไม่มีแท็ก
คุณยังไม่ได้ล็อกอิน คุณสามารถมีกิจกรรมร่วมกับเว็บไซต์ได้ แต่ต้องล็อกอินก่อน ::
  ล็อกอิน

รายการสื่อสารสนเทศ

ลำดับที่ ประเภท เลขเรียก/บาร์โค้ด สถานที่ สถานะ
- ไม่พบข้อมูล -

รายการใกล้เคียง
    ผู้แต่ง [สุกิจ พันธุ์พิมานมาศ]

    หัวเรื่อง [ศัลยกรรมส่องกล้อง]

BibComment


ยังไม่เคยถูกคอมเมนท์

คอมเมนท์ทรัพยากรรายการนี้
  คอมเมนท์: หัตถการการตรวจรัก..


 Copyright 2026. Bcnsprnw @Library